Normal view
MARC view
- Baudis Macushla
Entry Personal Name
001 - CONTROL NUMBER
- control field: 206571
003 - CONTROL NUMBER IDENTIFIER
- control field: OSt
005 - DATE AND TIME OF LATEST TRANSACTION
- control field: 20240524151559.0
008 - FIXED-LENGTH DATA ELEMENTS
- fixed length control field: 240524|| aca||aabn | a|a d
040 ## - CATALOGING SOURCE
- Original cataloging agency: OSt
- Transcribing agency: OSt
100 ## - HEADING--PERSONAL NAME
- Personal name: Baudis Macushla
- Personal name: Woodcock Philippa
670 ## - SOURCE DATA FOUND
- Source citation: Work cat.: (OSt)5900: Angus Emily 204431, The Fashion Dictionary : A Visual Resource for Term, Techniques & Styles, 2015